000 00277nam a22001337a 4500
008 170629b xxu||||| |||| 00| 0 eng d
020 _a8800027534586
041 _aeng
080 _a82
100 _a22
101 _aGJL
245 _aHANDBOOK
_cOATES, L.C
942 _2udc
_cBK
999 _c19532
_d19532